000 00292nam a22001337a 4500
008 170704b xxu||||| |||| 00| 0 eng d
020 _a0870232339
041 _aeng
080 _a82
100 _a22
101 _aGJL
245 _aDIALECTS OF AMERICAN ENGLISH
_cREED,C.E
942 _2udc
_cBK
999 _c19891
_d19891